<?xml version="1.0" encoding="UTF-8"?>
<record
    xmlns:xsi="http://www.w3.org/2001/XMLSchema-instance"
    xsi:schemaLocation="http://www.loc.gov/MARC21/slim http://www.loc.gov/standards/marcxml/schema/MARC21slim.xsd"
    xmlns="http://www.loc.gov/MARC21/slim">

  <leader>01188nam a22002657a 4500</leader>
  <controlfield tag="005">20170124103159.0</controlfield>
  <datafield tag="010" ind1=" " ind2=" ">
    <subfield code="a">B-175282</subfield>
  </datafield>
  <datafield tag="020" ind1=" " ind2=" ">
    <subfield code="c">500.00</subfield>
    <subfield code="a">9788170286387</subfield>
  </datafield>
  <datafield tag="035" ind1=" " ind2=" ">
    <subfield code="a">B-175282</subfield>
  </datafield>
  <datafield tag="037" ind1=" " ind2=" ">
    <subfield code="b">Cen Lib/Ret</subfield>
  </datafield>
  <datafield tag="040" ind1=" " ind2=" ">
    <subfield code="a">DPL</subfield>
    <subfield code="b">HN</subfield>
  </datafield>
  <datafield tag="082" ind1=" " ind2=" ">
    <subfield code="a">330.954</subfield>
    <subfield code="b">&#x905;&#x92E;&#x930;&#x94D;&#x924;&#x94D;&#x92F; </subfield>
  </datafield>
  <datafield tag="100" ind1=" " ind2=" ">
    <subfield code="a">&#x905;&#x92E;&#x930;&#x94D;&#x924;&#x94D;&#x92F; &#x938;&#x947;&#x928; </subfield>
    <subfield code="9">90839</subfield>
  </datafield>
  <datafield tag="245" ind1=" " ind2=" ">
    <subfield code="a">&#x92D;&#x93E;&#x930;&#x924;&#x940;&#x92F; &#x905;&#x930;&#x94D;&#x925;&#x924;&#x928;&#x94D;&#x924;&#x94D;&#x930; &#x907;&#x924;&#x93F;&#x939;&#x93E;&#x938; &#x914;&#x930; &#x938;&#x902;&#x938;&#x94D;&#x915;&#x943;&#x924;&#x93F; /</subfield>
    <subfield code="c">&#x905;&#x92E;&#x930;&#x94D;&#x924;&#x94D;&#x92F; &#x938;&#x947;&#x928; </subfield>
  </datafield>
  <datafield tag="246" ind1=" " ind2=" ">
    <subfield code="a">Bhartiya arthtantr itihas aur sanskriti /</subfield>
    <subfield code="b">by Amratya Sen</subfield>
  </datafield>
  <datafield tag="260" ind1=" " ind2=" ">
    <subfield code="a"> &#x926;&#x93F;&#x932;&#x94D;&#x932;&#x940; </subfield>
    <subfield code="b">&#x930;&#x93E;&#x91C;&#x92A;&#x93E;&#x932; &#x90F;&#x902;&#x921; &#x938;&#x902;&#x938; </subfield>
    <subfield code="c">2006</subfield>
  </datafield>
  <datafield tag="270" ind1=" " ind2=" ">
    <subfield code="b">&#x926;&#x93F;&#x932;&#x94D;&#x932;&#x940; </subfield>
    <subfield code="e">110006</subfield>
    <subfield code="a">&#x915;&#x936;&#x94D;&#x92E;&#x940;&#x930;&#x940; &#x917;&#x947;&#x91F; </subfield>
  </datafield>
  <datafield tag="300" ind1=" " ind2=" ">
    <subfield code="a">xii,326&#x92A;&#x943;.</subfield>
    <subfield code="c">20&#x938;&#x947;&#x92E;&#x940;(&#x938;&#x91C;&#x93F;&#x932;&#x94D;&#x926; ) </subfield>
  </datafield>
  <datafield tag="500" ind1=" " ind2=" ">
    <subfield code="a">&#x905;&#x928;&#x941;&#x915;&#x94D;&#x930;&#x92E;&#x93E;&#x923;&#x93F;&#x915;&#x93E; &#x936;&#x93E;&#x92E;&#x93F;&#x932; </subfield>
  </datafield>
  <datafield tag="650" ind1=" " ind2=" ">
    <subfield code="a">&#x905;&#x930;&#x94D;&#x925;&#x924;&#x902;&#x924;&#x94D;&#x930;--&#x92D;&#x93E;&#x930;&#x924; </subfield>
    <subfield code="x"> </subfield>
    <subfield code="z"> </subfield>
    <subfield code="9">90840</subfield>
  </datafield>
  <datafield tag="650" ind1=" " ind2=" ">
    <subfield code="a">&#x905;&#x930;&#x94D;&#x925;&#x924;&#x902;&#x924;&#x94D;&#x930;--&#x938;&#x902;&#x938;&#x94D;&#x915;&#x943;&#x924;&#x93F;--&#x92D;&#x93E;&#x930;&#x924; </subfield>
    <subfield code="9">80133</subfield>
  </datafield>
  <datafield tag="650" ind1=" " ind2=" ">
    <subfield code="a">Economy - India</subfield>
    <subfield code="9">90841</subfield>
  </datafield>
  <datafield tag="650" ind1=" " ind2=" ">
    <subfield code="a">Economy - Culture - India</subfield>
    <subfield code="9">90842</subfield>
  </datafield>
  <datafield tag="942" ind1=" " ind2=" ">
    <subfield code="2">ddc</subfield>
    <subfield code="c">HN</subfield>
    <subfield code="h">330.954</subfield>
    <subfield code="m">&#x905;&#x92E;&#x930;&#x94D;&#x924;&#x94D;&#x92F; </subfield>
  </datafield>
  <datafield tag="999" ind1=" " ind2=" ">
    <subfield code="c">120519</subfield>
    <subfield code="d">120519</subfield>
  </datafield>
  <datafield tag="952" ind1=" " ind2=" ">
    <subfield code="0">0</subfield>
    <subfield code="1">0</subfield>
    <subfield code="4">0</subfield>
    <subfield code="7">0</subfield>
    <subfield code="a">L</subfield>
    <subfield code="b">L</subfield>
    <subfield code="d">2015-09-23</subfield>
    <subfield code="e">Cen Lib/Ref</subfield>
    <subfield code="g">500.00</subfield>
    <subfield code="l">11</subfield>
    <subfield code="o">330.954 &#x905;&#x92E;&#x930;&#x94D;&#x924;&#x94D;&#x92F;</subfield>
    <subfield code="p">B-175282</subfield>
    <subfield code="r">2024-04-15 00:00:00</subfield>
    <subfield code="s">2024-03-30</subfield>
    <subfield code="t">1</subfield>
    <subfield code="v">500.00</subfield>
    <subfield code="w">2015-09-23</subfield>
    <subfield code="y">HN</subfield>
  </datafield>
</record>
